| 000 | 00000nam 2200000zi 4500 |
| 001 | 9.933383 |
| 003 | CaOODSP |
| 005 | 20250506110516 |
| 006 | m o d f |
| 007 | cr cn||||||||| |
| 008 | 240202e201310##onca o f000 0 eng d |
| 040 | |aCaOODSP|beng|erda|cCaOODSP |
| 043 | |an-cn--- |
| 086 | 1 |aHP5-190/2013E-PDF |
| 086 | 1 |aHP5-190/2013-1E-PDF |
| 245 | 00|aAudit of surveillance activities : |bfinal audit report / |cPortfolio Audit and Accountability Bureau, Public Health Agency of Canada. |
| 246 | 13|aFinal audit report : |baudit of surveillance activities |
| 264 | 1|a[Ottawa] : |bPublic Health Agency of Canada = Agence de la santé publique du Canada, |cOctober 2013. |
| 300 | |a1 online resource (ii, 20 pages) : |billustrations + |e1 management response and action plan (3 pages) |
| 336 | |atext|btxt|2rdacontent |
| 337 | |acomputer|bc|2rdamedia |
| 338 | |aonline resource|bcr|2rdacarrier |
| 500 | |aCover title. |
| 500 | |aIssued also in French under title: Audit des activités de surveillance : rapport d'audit final. |
| 520 | |a"The focus of the audit was on surveillance activities. Surveillance is a core public health function for the Public Health Agency of Canada (Agency). Effective and timely surveillance is critical to the ability of the government and provinces/territories to accurately track health information, and plan for, and respond to public health events"--Executive summary, page i. |
| 610 | 20|aPublic Health Agency of Canada|xAuditing. |
| 650 | 0|aPublic health surveillance|xGovernment policy|zCanada|xAuditing. |
| 710 | 2 |aPublic Health Agency of Canada. |bPortfolio Audit and Accountability Bureau, |eissuing body. |
| 775 | 08|tAudit des activités de surveillance : |w(CaOODSP)9.936813 |
| 856 | 40|qPDF|s314 KB|uhttps://publications.gc.ca/collections/collection_2024/aspc-phac/HP5-190-2013-eng.pdf|zReport |
| 856 | 40|qPDF|s39 KB|uhttps://publications.gc.ca/collections/collection_2024/aspc-phac/HP5-190-2013-1-eng.pdf|zManagement response and action plan |